00430 2200169 4500001002100000005001500021035002000036245004800056100001700104250001700121300002800138260003300166082001100199084001800210020001800228600001400246INLIS00000000000088620250120112025 a0010-01250000591 a9 Cara Jodi Menolak Narkoba /cBambang Trim0 aBambang Trim acetakan ke-1 a54 hlm :bIlus ;c25 cm aJakarta :bAzka Press,c2006 a2X4.55 a2X4.55 BAM s a979-744-481-3 4akesehatan